00305nam a2200121Ia 4500008004100000082001600041100001100057245002800068250000800096260004600104300001100150650002200161150201s2007 xx 000 0 und d a423bA2007O aOXFORD aOXFORD ADVANCED LEARNER a7TH bOXFORD MEDICAL PUBLICATIONSaOXFORDc2007 a1-1780 aGENERAL DENTISTRY